00419nam a2200181Ia 4500008004100000020001800041245001400059245002700073245002000100260001500120260001600135260000900151300001500160300002500175300001000200500000800210999001900218170705s9999 xx 000 0 und d a9781409504863 aDino FC : bthe vanishing goalie / cKeith Brumpton. aNew York : bScholastic, c2010 a89 pages : bcolor illustration ; c20cm. a760 c336746d336746